000 00433nam a22001817a 4500
003 CEME
005 20210628202442.0
008 210106b xxu||||| |||| 00| 0 eng d
020 _a1856173704
040 _cceme
082 _a668.411 MUR
100 _aMurphy, John
_959962
245 _aAdditives for plastics handbook
250 _a2ND
260 _aGREAT BRITAIN
_bELSEVIER
_c2001
300 _aXXII, 469P
942 _cBK
_2ddc
999 _c569817
_d569817